书目信息 |
| 题名: |
城市地理信息系统(GIS)
|
|
| 作者: | 修文群 池天河 编著 | |
| 分册: | ||
| 出版信息: | 北京 北京希望电脑公司 1999.06 |
|
| 页数: | 449页 | |
| 开本: | 16开 | |
| 丛书名: | ||
| 单 册: | ||
| 中图分类: | TP29 | |
| 科图分类: | ||
| 主题词: | 自动化技术--应用 | |
| 电子资源: | ||
| ISBN: | 7-980021-29-0 | |
| 000 | 00597nam0 2200193 45 | |
| 001 | 0003231020 | |
| 005 | 20001215144553.3 | |
| 010 | @a7-980021-29-0@d40.00元 | |
| 100 | @a20000323d1999 km y0chiy0120 ea | |
| 101 | @achi | |
| 105 | @a z 000yy | |
| 200 | 1 | @a城市地理信息系统(GIS)@ACheng Shi Di Li Xin Xi Xi Tong(GIS)@f修文群 池天河编著@FXiu Wen Qun Chi Tian He Bian Zhu |
| 210 | @a北京@c北京希望电脑公司@d1999.06 | |
| 215 | @a449页@d16开 | |
| 606 | 0 | @a自动化技术@x应用 |
| 690 | @aTP29@v3 | |
| 701 | @a修文群 池天河@4编著 | |
| 801 | @aCN@bPftUser@c20000323 | |
| 905 | @dTP29@eX693@b314196-198@f3 | |
| 城市地理信息系统(GIS)/修文群 池天河编著.-北京:北京希望电脑公司,1999.06 |
| 449页;16开 |
| ISBN 7-980021-29-0:40.00元 |
| ● |
| 相关链接 |
|
|
|
正题名:城市地理信息系统(GIS)
索取号:TP29/X693
 
预约/预借
| 序号 | 登录号 | 条形码 | 馆藏地/架位号 | 状态 | 备注 |
| 1 | 314196 | 203141965 | 自科二线504/504自科库 18排1列6层/ [索取号:TP29/X693] | 在馆 | |
| 2 | 314197 | 203141974 | 自科二线400A/400A自科库 5排3列2层/ [索取号:TP29/X693] | 在馆 | |
| 3 | 314198 | 203141983 | 自科二线504/504自科库 18排1列6层/ [索取号:TP29/X693] | 在馆 |